Yogayogmulak Asamiya / (Record no. 9920)

MARC details
000 -LEADER
fixed length control field 00652cam a2200241ua 4500
005 - DATE AND TIME OF LATEST TRANSACTION
control field 20201209134553.0
008 - FIXED-LENGTH DATA ELEMENTS--GENERAL INFORMATION
fixed length control field 190730n ii |||gr||||Z||||||asm
020 ## - INTERNATIONAL STANDARD BOOK NUMBER
International Standard Book Number 9789387956650
040 ## - CATALOGING SOURCE
Transcribing agency MAIN
Original cataloging agency IN-DiNC
041 ## - LANGUAGE CODE
Language code of sung or spoken text Assamese
082 ## - DEWEY DECIMAL CLASSIFICATION NUMBER
Classification number 491.451
Item number YOG
245 ## - TITLE STATEMENT
Title Yogayogmulak Asamiya /
Statement of responsibility, etc. Ed. by Arabinda Rajkhowa
250 ## - EDITION STATEMENT
Edition statement 1st ed.
260 ## - PUBLICATION, DISTRIBUTION, ETC.
Place of publication, distribution, etc. Dibrugarh:
Name of publisher, distributor, etc. Banalata,
Date of publication, distribution, etc. 2019.
300 ## - PHYSICAL DESCRIPTION
Extent 104p.
650 ## - SUBJECT ADDED ENTRY--TOPICAL TERM
Topical term or geographic name entry element Assamese language
650 ## - SUBJECT ADDED ENTRY--TOPICAL TERM
Topical term or geographic name entry element Communicative Assamese
700 ## - ADDED ENTRY--PERSONAL NAME
Personal name Rajkhowa, Arabinda
Relator term Editor
942 ## - ADDED ENTRY ELEMENTS (KOHA)
Koha item type Books
Source of classification or shelving scheme Dewey Decimal Classification
653 ## - INDEX TERM--UNCONTROLLED
Uncontrolled term Social interaction
653 ## - INDEX TERM--UNCONTROLLED
Uncontrolled term Communicative Assamese
653 ## - INDEX TERM--UNCONTROLLED
Uncontrolled term Technical communication
Holdings
Withdrawn status Lost status Source of classification or shelving scheme Damaged status Not for loan Collection code Home library Current library Shelving location Date acquired Cost, normal purchase price Total Checkouts Full call number Barcode Date last seen Date last checked out Copy number Price effective from Koha item type
    Dewey Decimal Classification     Assamese Central Library, Naharkatiya College Central Library, Naharkatiya College General Stacks 19/09/2020 90.00 21 491.451 YOG 28066 19/12/2024 11/12/2024 1 19/09/2020 Books
    Dewey Decimal Classification     Assamese Central Library, Naharkatiya College Central Library, Naharkatiya College General Stacks 19/09/2020 90.00 22 491.451 YOG 28067 21/12/2024 13/11/2024 2 19/09/2020 Books
    Dewey Decimal Classification     Assamese Central Library, Naharkatiya College Central Library, Naharkatiya College General Stacks 19/09/2020 90.00 17 491.451 YOG 28068 19/12/2024 20/11/2024 3 19/09/2020 Books
    Dewey Decimal Classification     Assamese Central Library, Naharkatiya College Central Library, Naharkatiya College General Stacks 19/09/2020 90.00 15 491.451 YOG 28069 20/12/2023 19/09/2023 4 19/09/2020 Books
    Dewey Decimal Classification     Assamese Central Library, Naharkatiya College Central Library, Naharkatiya College General Stacks 19/09/2020 90.00 23 491.451 YOG 28070 17/10/2025 24/09/2025 5 19/09/2020 Books

Naharkatiya College © 2020. All rights reserved.

Powered By